Pays avec le moins d'accès à l'eau potable - Statistiques

Statistiques générales
  • Ce quiz a été pris 19 fois
  • Le résultat moyen est 4 sur 7
Statistiques - réponses
Hint Réponse % Correct
48% Niger
95%
49% République démocratique du Congo
84%
43% Tchad
84%
41% Ethiopie
68%
53% Madagascar
47%
51% Mozambique
47%
37% Papouaisie-Nouvelle-Guinée
5%
Aucun quiz correspondant
Distribution des résultats
% des personnes avec chaque résultat
Percentile par nombre de réponses
Votre historique - résultats
Vous n’avez pas pris ce quiz